000 00416nam a2200181Ia 4500
001 1037
005 20260306140602.0
008 260306t2010||||xx |||||||||||||| ||spa||
041 _aESP
082 _a180
_bG73
100 _aGoñi Carlos
_eAUT
245 0 _aBreve historia de la filosofía
260 _c2010
300 _a316 páginas :
_c21 cm.
650 _aGEN
654 _aCHU
942 _cLIB
_dJUS
_fJUS
_2ddc
_n
999 _c1037
_d1037